LEADER 00765nam0 2200265 450 001 000023834 005 20090303163641.0 100 $a20090303d1961----km-y0itay50------ba 101 0 $aita 102 $aIT 105 $ay-------001yy 200 1 $aProgrammazione lineare$fSergio Ricossa 210 $aTorino$cP. Boringhieri$d1961 215 $a111 p.$d21 cm 225 2 $aSerie di statistica$v16 410 0$12001$aSerie di statistica 500 10$aProgrammazione lineare$944872 610 1 $aProgrammazione lineare 676 $a519.72$v19 700 1$aRicossa,$bSergio$03776 801 0$aIT$bUNIPARTHENOPE$c20090303$gRICA$2UNIMARC 912 $a000023834 951 $a214/33$b1575$cNAVA2$d2009 996 $aProgrammazione lineare$944872 997 $aUNIPARTHENOPE LEADER 01595nam0 22003251i 450 001 UON00223462 005 20231205103425.480 010 $a88-87027-64-1 100 $a20030730d1999 |0itac50 ba 101 $aita 102 $aIT 105 $a|||| ||||| 200 1 $aAnima e corpo nella cultura medievale$eAtti del V Convegno di studi della Società Italiana per lo Studio del Pensiero Medievale, Venezia, 25-28 settembre 1995$fa cura di Carla Casagrande e Silvana Vecchio.- Firenze$eSISMEL-Edizioni del Galluzzo, 1999 210 $aXIII$d332 p., 5 c. di tav. ; 25 cm 410 1$1001UON00125777$12001 $aMillennio Medievale$v15 410 1$1001UON00176041$12001 $aAtti di Convegni$1210 $aFirenze$cSISMEL-Edizioni del Galluzzo.$v3 606 $aAnima$xConcezione$xSec. 11.-13$xCongressi$x1995$3UONC047657$2FI 606 $aCORPO UMANO$xConcezione$xSec. 11.-13.$xCongressi$x1995$3UONC047658$2FI 606 $aFilosofia medievale$3UONC019606$2FI 620 $aIT$dFirenze$3UONL000052 676 $a809.02$cStoria delle letterature antiche - Sec. 6.-15.$v21 702 1$aCASAGRANDE$bCarla$3UONV103287 702 1$aVECCHIO$bSilvana$3UONV135473 712 $aSismel - Edizioni del Galluzzo$3UONV268827$4650 801 $aIT$bSOL$c20250613$gRICA 899 $aSIBA - SISTEMA BIBLIOTECARIO DI ATENEO$2UONSI 912 $aUON00223462 950 $aSIBA - SISTEMA BIBLIOTECARIO DI ATENEO$dSI Angl I C 084 $eSI LO 66486 5 084 996 $aAnima e corpo nella cultura medievale$988968 997 $aUNIOR